000
00292nam a22001337a 4500
008
171020b xxu||||| |||| 00| 0 eng d
020
_a
3486201298
041
_a
ger
080
_a
338
100
_a
54
101
_a
MIS
245
_a
INFORMATIONS-MANAGEMENT
_c
HEINRICH,L.J
942
_2
udc
_c
BK
999
_c
35080
_d
35080